[Event "TCh-TUR Super League 2015"]
[Site "Kocaeli TUR"]
[Date "2015.08.15"]
[Round "13.5"]
[Board "5.3"]
[White "Keler, Faruk"]
[Black "Can, Emre"]
[Result "0-1"]
[BlackTitle "GM"]
[WhiteElo "2286"]
[BlackElo "2547"]
[WhiteTeam "Tarsus Zeka Satranc Kulubu"]
[BlackTeam "Istanbul Technical University Sports Club"]
[WhiteFideId "6302734"]
[BlackFideId "6302181"]
[EventDate "2015.08.04"]

1. Nf3 c5 2. g3 g6 3. Bg2 Bg7 4. O-O Nc6 5. d3 e5 6. c4 Nge7 7. Nc3 O-O 8. Ne1
d6 9. Nc2 a6 10. a3 Be6 11. Rb1 d5 12. cxd5 Nxd5 13. Ne3 Nde7 14. b4 cxb4 15.
axb4 Rc8 16. b5 Nd4 17. Bd2 Qd7 18. Na4 Rc7 19. Nb6 Qd8 20. bxa6 bxa6 21. Nec4
Nec6 22. Bc1 Nb5 23. Bd2 f5 24. Na4 e4 25. Nc5 Bc8 26. Nb6 Ncd4 27. Nba4 exd3
28. Nxd3 Rcf7 29. e3 Ne6 30. Bb4 Rd7 31. Bxf8 Rxd3 32. Bxg7 Rxd1 33. Rfxd1 Qa5
34. Be5 Qxa4 35. Rbc1 Kf7 36. Rd2 Qb4 37. Rdd1 Qf8 38. h4 Nc5 39. Rd5 Ne4 40. f3
Nf6 41. Rdc5 Be6 42. Rc6 Qa3 43. Kh2 Qxe3 44. Bf4 Qa3 45. Bg5 Nd5 46. Rd1 Qa4
47. Rdc1 Qa3 48. Rd1 f4 49. Bxf4 Nxf4 50. gxf4 Qa4 51. Re1 Qxf4+ 52. Kg1 Qd4+ 0-1

[Event "TCh-TUR Super League 2015"]
[Site "Kocaeli TUR"]
[Date "2015.08.15"]
[Round "13.5"]
[Board "5.4"]
[White "Erdogan, Hakan"]
[Black "Goksel, Doga Cihan"]
[Result "0-1"]
[WhiteTitle "FM"]
[WhiteElo "2200"]
[BlackElo "2234"]
[WhiteTeam "Istanbul Technical University Sports Club"]
[BlackTeam "Tarsus Zeka Satranc Kulubu"]
[WhiteFideId "6300359"]
[BlackFideId "6301924"]
[EventDate "2015.08.04"]

1. d4 Nf6 2. c4 g6 3. Nc3 Bg7 4. e4 d6 5. f3 O-O 6. Be3 c5 7. dxc5 dxc5 8. Qxd8
Rxd8 9. Bxc5 Nc6 10. Nge2 Nd7 11. Be3 Nde5 12. Nf4 e6 13. Rd1 Rxd1+ 14. Kxd1 Na5
15. c5 Nec4 16. Bc1 Bxc3 17. bxc3 Bd7 18. Kc2 Ba4+ 19. Kb1 b6 20. cxb6 Rb8 21.
Bxc4 Nxc4 22. Nd3 Rxb6+ 23. Bb2 a5 24. Kc1 Rd6 25. Nc5 Bc6 26. Nb3 e5 27. Kb1 a4
28. Nc5 Rd2 29. Bc1 Rxg2 30. Rd1 Kg7 31. Rd8 Na5 32. Nd3 f6 33. Rc8 Bb5 34. Rc7+
Kg8 35. Nc5 Bc4 36. Bb2 a3 37. Bxa3 Bxa2+ 38. Kc1 Nc4 39. Bb4 Ne3 40. Rc8+ Kf7
41. Rc7+ Kg8 42. Rc8+ Kg7 0-1

[Event "TCh-TUR Super League 2015"]
[Site "Kocaeli TUR"]
[Date "2015.08.15"]
[Round "13.5"]
[Board "5.5"]
[White "Kaplan, Ebru"]
[Black "Asan, Elvan"]
[Result "1-0"]
[WhiteElo "1902"]
[BlackElo "1810"]
[WhiteTeam "Tarsus Zeka Satranc Kulubu"]
[BlackTeam "Istanbul Technical University Sports Club"]
[WhiteFideId "6315194"]
[BlackFideId "6312209"]
[EventDate "2015.08.04"]

1. e4 c5 2. Nf3 Nc6 3. d4 cxd4 4. Nxd4 d6 5. Nc3 g6 6. Be3 Bg7 7. Qd2 Nf6 8. f3
a6 9. O-O-O Rb8 10. g4 O-O 11. h4 h5 12. Nd5 Kh7 13. Nxf6+ Bxf6 14. gxh5 gxh5
15. Rg1 Rg8 16. Be2 Ne5 17. Bg5 Bg7 18. f4 Ng4 19. f5 Nf2 20. Bxh5 Nxd1 21. Bxf7
Rf8 22. Bg6+ Kg8 23. Qxd1 1-0

[Event "TCh-TUR Super League 2015"]
[Site "Kocaeli TUR"]
[Date "2015.08.15"]
[Round "13.5"]
[Board "5.6"]
[White "Bortnyk, Olexandr"]
[Black "Komut, Burak"]
[Result "1-0"]
[WhiteTitle "IM"]
[WhiteElo "2553"]
[BlackElo "2007"]
[WhiteTeam "Istanbul Technical University Sports Club"]
[BlackTeam "Tarsus Zeka Satranc Kulubu"]
[WhiteFideId "14120828"]
[BlackFideId "6309984"]
[EventDate "2015.08.04"]

1. e4 e5 2. Nf3 Nc6 3. Bc4 Nf6 4. Ng5 d5 5. exd5 Na5 6. Bb5+ c6 7. dxc6 bxc6 8.
Bd3 Bd6 9. O-O O-O 10. Nc3 h6 11. Nf3 Nd5 12. Re1 Re8 13. Ne4 f5 14. Nxd6 Qxd6
15. Bf1 Bd7 16. d4 e4 17. Ne5 Rad8 18. c4 Nf6 19. c5 Qc7 20. Qa4 g5 21. b4 Rxe5
22. Qxa5 Rf8 23. dxe5 Qxe5 24. Rb1 Ng4 25. g3 f4 26. Bc4+ Kh7 27. Bb2 Qf5 28.
Qa3 Nxf2 29. Qc3 Kg6 30. Kxf2 fxg3+ 31. Ke2 Qf2+ 32. Kd1 Bg4+ 33. Kc1 g2 34. Qg3
e3 35. Bc3 Qf4 36. Bd3+ Kh5 37. Qxg2 Rd8 38. Be2 1-0

[Event "TCh-TUR Super League 2015"]
[Site "Kocaeli TUR"]
[Date "2015.08.15"]
[Round "13.5"]
[Board "5.7"]
[White "Sevgi, Volkan"]
[Black "Aydincelebi, Kagan"]
[Result "1/2-1/2"]
[WhiteTitle "FM"]
[BlackTitle "FM"]
[WhiteElo "2263"]
[BlackElo "1977"]
[WhiteTeam "Tarsus Zeka Satranc Kulubu"]
[BlackTeam "Istanbul Technical University Sports Club"]
[WhiteFideId "6325335"]
[BlackFideId "6361102"]
[EventDate "2015.08.04"]

1. e4 c5 2. Nc3 a6 3. a4 Nc6 4. f4 g6 5. Nf3 Bg7 6. Bc4 e6 7. O-O Nge7 8. e5 d5
9. exd6 Nf5 10. Ne4 Nxd6 11. Nxd6+ Qxd6 12. d3 O-O 13. Ng5 b6 14. Ne4 Qe7 15. c3
Bb7 16. Qe2 Na5 17. Ba2 Bd5 18. f5 exf5 19. Bxd5 Rae8 20. Rb1 c4 21. dxc4 fxe4
22. b4 Nb7 23. Be3 Qc7 24. Qf2 b5 25. cxb5 axb5 26. a5 Nd6 27. a6 Qxc3 28. a7
Nf5 29. Bc5 Rc8 30. Rbc1 Qa3 31. Bxf8 Rxc1 32. Bc5 e3 33. Qe2 Rxf1+ 34. Qxf1 e2
35. Qxe2 Qa1+ 36. Qf1 Bd4+ 37. Bxd4 Qxd4+ 38. Kh1 Qxa7 39. Qe1 Qe3 40. Qxe3 Nxe3
41. Bc6 Nc2 42. Bxb5 Nxb4 43. g3 f5 44. Kg2 Kg7 45. h4 Kf6 46. Bc4 Nc6 47. Be2
h6 48. Kf2 g5 49. hxg5+ hxg5 50. Ke3 Ke5 51. Kf2 Nd4 52. Ba6 Ne6 53. Bc4 Nc5 54.
Bb5 Ne4+ 55. Kg2 1/2-1/2

[Event "TCh-TUR Super League 2015"]
[Site "Kocaeli TUR"]
[Date "2015.08.15"]
[Round "13.5"]
[Board "5.8"]
[White "Hereklioglu, Sude"]
[Black "Okuyaz, Duru"]
[Result "1-0"]
[WhiteTitle "WCM"]
[BlackTitle "WCM"]
[WhiteElo "1796"]
[BlackElo "1919"]
[WhiteTeam "Istanbul Technical University Sports Club"]
[BlackTeam "Tarsus Zeka Satranc Kulubu"]
[WhiteFideId "6359531"]
[BlackFideId "6346022"]
[EventDate "2015.08.04"]

1. e4 c5 2. Nf3 e6 3. g3 Nc6 4. Bg2 g6 5. O-O Bg7 6. Re1 Nge7 7. d3 O-O 8. c3 d5
9. e5 Rb8 10. Bf4 b5 11. h4 b4 12. Nh2 bxc3 13. bxc3 Rb2 14. Qc1 Qb6 15. Nd2 Na5
16. Bg5 f6 17. exf6 Bxf6 18. Ng4 Bxg5 19. hxg5 Kg7 20. c4 Qb4 21. Nb3 Rxb3 22.
axb3 d4 23. Qd1 a6 24. Qe2 Rf5 25. f4 Nxb3 26. Rab1 a5 27. Nh6 a4 28. g4 1-0

[Event "TCh-TUR Super League 2015"]
[Site "Kocaeli TUR"]
[Date "2015.08.15"]
[Round "13.6"]
[Board "6.1"]
[White "Yuksel, Atilla Koksal"]
[Black "Morchiashvili, Bachana"]
[Result "0-1"]
[WhiteTitle "CM"]
[BlackTitle "IM"]
[WhiteElo "2103"]
[BlackElo "2318"]
[WhiteTeam "Ankara Demirspor Kulubu"]
[BlackTeam "Pamukkale Yonetimi Bilisim Sistemleri Zeka"]
[WhiteFideId "6306667"]
[BlackFideId "13602535"]
[EventDate "2015.08.04"]

1. e4 c5 2. Nf3 e6 3. d4 cxd4 4. Nxd4 a6 5. c4 Nf6 6. Nc3 Qc7 7. Be3 Bb4 8. Bd3
Bxc3+ 9. bxc3 d5 10. exd5 exd5 11. Qb3 Nbd7 12. Ne2 Ne5 13. Bc2 dxc4 14. Qb6
Qxb6 15. Bxb6 O-O 16. O-O-O Re8 17. Rhe1 Bd7 18. Ng3 Re6 19. Bd4 Rae8 20. Bxe5
Rxe5 21. Rxe5 Rxe5 22. Ne4 Bc6 23. Rd8+ Ne8 24. Nd6 Kf8 25. Nxc4 Re2 26. f3 Rxg2
27. Ne5 Rxh2 28. Nxc6 bxc6 29. Ra8 h5 30. Rxa6 h4 31. Ra4 h3 32. Rh4 g5 33. Rh8+
Kg7 34. Rh7+ Kg8 35. Rh5 f6 36. a4 Nd6 37. a5 Rh1+ 38. Bd1 Nb5 39. a6 Nxc3 40.
a7 Rxd1+ 41. Kc2 Ra1 42. Kxc3 Rxa7 43. Rxh3 Kg7 44. Kd4 Kg6 45. Rh1 Kf5 46. Rc1
Kf4 47. Rxc6 f5 48. Rc3 Rd7+ 0-1

[Event "TCh-TUR Super League 2015"]
[Site "Kocaeli TUR"]
[Date "2015.08.15"]
[Round "13.6"]
[Board "6.2"]
[White "Yurtsever, Senel"]
[Black "Severcan, Sedat Sabri"]
[Result "1-0"]
[WhiteElo "1843"]
[BlackElo "1819"]
[WhiteTeam "Pamukkale Yonetimi Bilisim Sistemleri Zeka"]
[BlackTeam "Ankara Demirspor Kulubu"]
[WhiteFideId "6390005"]
[BlackFideId "6351395"]
[EventDate "2015.08.04"]

1. e4 d6 2. d4 Nf6 3. Bd3 g6 4. c4 Bg7 5. Nc3 Nc6 6. Nge2 e5 7. d5 Ne7 8. f3 Nd7
9. g4 Nc5 10. Be3 f5 11. gxf5 gxf5 12. Bg5 f4 13. b4 Nd7 14. Qa4 O-O 15. Kd2 h6
16. Bh4 a5 17. a3 Nb6 18. Qd1 axb4 19. axb4 Rxa1 20. Qxa1 Bh3 21. Rg1 Kh7 22. c5
Nbc8 23. Qa8 b6 24. c6 Qe8 25. Bf2 Qh5 26. Nd1 Qxf3 27. Qb7 Ng6 28. Qxc7 Nce7
29. Nec3 Qh5 30. Qxd6 Bg4 31. c7 Ra8 32. Qxb6 Ra1 33. Qc5 Nc8 34. Nb2 Rxg1 35.
Bxg1 Bf8 36. Qb5 Qh3 37. Bf1 Qf3 38. h3 Bxb4 39. Qxb4 Qxf1 40. hxg4 Qg2+ 41. Kd3
Qxg1 42. d6 f3 43. d7 f2 44. dxc8=Q f1=Q+ 45. Kc2 Qff2+ 46. Kb3 Qf7+ 47. Nc4 Qa7
48. Qd6 Qd4 49. Qce6 1-0

[Event "TCh-TUR Super League 2015"]
[Site "Kocaeli TUR"]
[Date "2015.08.15"]
[Round "13.6"]
[Board "6.6"]
[White "Komut, Kaan"]
[Black "Karaahmetoglu, Ege"]
[Result "1/2-1/2"]
[WhiteElo "1919"]
[BlackElo "2032"]
[WhiteTeam "Pamukkale Yonetimi Bilisim Sistemleri Zeka"]
[BlackTeam "Ankara Demirspor Kulubu"]
[WhiteFideId "6309992"]
[BlackFideId "6361145"]
[EventDate "2015.08.04"]

1. e4 c5 2. Nf3 d6 3. c3 Nf6 4. h3 g6 5. Bd3 Bg7 6. Bc2 O-O 7. O-O Nc6 8. d4
cxd4 9. cxd4 e5 10. Re1 exd4 11. Nxd4 Nxd4 12. Qxd4 Be6 13. Nc3 Nd5 14. Qd3 Nb4
15. Qd1 Nxc2 16. Qxc2 Rc8 17. Qd1 1/2-1/2

[Event "TCh-TUR Super League 2015"]
[Site "Kocaeli TUR"]
[Date "2015.08.15"]
[Round "13.6"]
[Board "6.8"]
[White "Celik, Eda"]
[Black "Sahin, Hayrun Nisa"]
[Result "1-0"]
[WhiteElo "1656"]
[BlackElo "1648"]
[WhiteTeam "Pamukkale Yonetimi Bilisim Sistemleri Zeka"]
[BlackTeam "Ankara Demirspor Kulubu"]
[WhiteFideId "6351727"]
[BlackFideId "6380875"]
[EventDate "2015.08.04"]

1. e4 c5 2. Nf3 Nc6 3. Bb5 g6 4. Bxc6 dxc6 5. d3 Bg7 6. h3 Nf6 7. Nc3 Nd7 8. Be3
e5 9. Qd2 h6 10. O-O Qe7 11. Nh2 Nf8 12. f4 exf4 13. Bxf4 Ne6 14. Bg3 Nd4 15.
Rae1 Be6 16. e5 O-O-O 17. Ne4 Kb8 18. Ng4 Ka8 19. Ngf6 Bd5 20. Nxd5 cxd5 21. Nd6
Rhf8 22. c3 Nc6 23. d4 cxd4 24. cxd4 Qc7 25. Rc1 Rd7 26. b4 Qb6 27. Rc5 Nxd4 28.
Qxd4 Rxd6 29. Rxf7 Rdd8 30. Rxg7 Qa6 31. Rxd5 Rxd5 32. Qxd5 Qb6+ 33. Qc5 1-0

[Event "TCh-TUR Super League 2015"]
[Site "Kocaeli TUR"]
[Date "2015.08.15"]
[Round "13.7"]
[Board "7.2"]
[White "Ertan, Can"]
[Black "Mamedov, Rauf"]
[Result "0-1"]
[WhiteTitle "FM"]
[BlackTitle "GM"]
[WhiteElo "2238"]
[BlackElo "2651"]
[WhiteTeam "Calli Sports Club"]
[BlackTeam "Besiktas Jimnastik Kulubu"]
[WhiteFideId "6306330"]
[BlackFideId "13401653"]
[EventDate "2015.08.04"]

1. e4 c5 2. Nf3 Nc6 3. Bc4 e6 4. O-O a6 5. Re1 Be7 6. d3 d6 7. a4 Nf6 8. c3 O-O
9. Bb3 Rb8 10. Bf4 e5 11. Bg3 b5 12. axb5 axb5 13. d4 exd4 14. e5 dxe5 15. Nxe5
Nxe5 16. Bxe5 Bd6 17. cxd4 c4 18. Bc2 Bg4 19. Qd2 Be6 20. Ra6 Bxe5 21. dxe5 Qxd2
22. Nxd2 Nd5 23. Rd6 Rfc8 24. Ne4 h6 25. Rd1 Ne7 26. Ng3 b4 27. f4 g6 28. Be4
Kg7 29. Kf2 Rc5 30. Ne2 c3 31. Rc1 Bf5 32. Bd3 cxb2 33. Rb1 Nc8 34. Rd4 Bxd3 35.
Rxd3 Nb6 36. Rxb2 Na4 37. Rb1 Rc2 38. Ke3 Nb2 39. Rb3 Nc4+ 40. Kf2 Nd2 41. R1b2
Rxb2 42. Rxb2 Nc4 43. Rc2 Na3 44. Rb2 Nc4 45. Rc2 Nb6 46. Nd4 Na4 47. Nb3 Nc3
48. Ke3 g5 49. fxg5 hxg5 50. Kd4 Rh8 51. g3 Kg6 52. Rf2 Rd8+ 53. Kc4 Ne4 54. Re2
Nc3 55. Rf2 Rc8+ 56. Kxb4 Ne4 57. Re2 Kf5 58. e6 fxe6 59. Nd4+ Ke5 60. Nxe6 Kd5
61. Kb3 Rc6 62. Ng7 Nc5+ 63. Kb4 Rb6+ 64. Kc3 Ne4+ 65. Kc2 Rc6+ 66. Kb2 Rf6 67.
Nh5 Rb6+ 68. Kc2 Rc6+ 69. Kb2 Rb6+ 70. Kc2 Kd4 71. g4 Ra6 72. Kb2 Kd3 73. Rc2
Nd2 74. Rc8 Rb6+ 75. Ka2 Ra6+ 76. Kb2 Rb6+ 77. Ka2 Nc4 78. Rc5 Ra6+ 79. Kb3 Rb6+
80. Ka2 Rb2+ 81. Ka1 Rb4 82. Ng3 Kc2 0-1

[Event "TCh-TUR Super League 2015"]
[Site "Kocaeli TUR"]
[Date "2015.08.15"]
[Round "13.7"]
[Board "7.3"]
[White "Apaydin, Fethi"]
[Black "Saba, Zafer Rabin"]
[Result "1-0"]
[WhiteTitle "FM"]
[WhiteElo "2253"]
[BlackElo "1989"]
[WhiteTeam "Besiktas Jimnastik Kulubu"]
[BlackTeam "Calli Sports Club"]
[WhiteFideId "6302521"]
[BlackFideId "6329500"]
[EventDate "2015.08.04"]

1. e4 e5 2. Nc3 Nf6 3. g3 d5 4. exd5 Nxd5 5. Bg2 Nxc3 6. bxc3 Bd6 7. Rb1 Nc6 8.
Ne2 O-O 9. O-O Re8 10. d3 Bc5 11. Be3 Bxe3 12. fxe3 Qd6 13. c4 Ne7 14. Nc3 Nf5
15. Qh5 Nh6 16. Ne4 Qg6 17. Qxg6 hxg6 18. Nc5 Nf5 19. Kf2 Nd6 20. Nxb7 Nxb7 21.
Bxb7 Rb8 22. Bc6 Rxb1 23. Rxb1 Rf8 24. Rb5 f6 25. Bd5+ Kh7 26. Rc5 1-0

[Event "TCh-TUR Super League 2015"]
[Site "Kocaeli TUR"]
[Date "2015.08.15"]
[Round "13.7"]
[Board "7.4"]
[White "Alic, Gunseli"]
[Black "Yazgi, Huseyin Yigit"]
[Result "1/2-1/2"]
[WhiteElo "1541"]
[BlackElo "1897"]
[WhiteTeam "Calli Sports Club"]
[BlackTeam "Besiktas Jimnastik Kulubu"]
[WhiteFideId "6315089"]
[BlackFideId "6307060"]
[EventDate "2015.08.04"]

1. e4 c5 2. Nc3 Nc6 3. g3 g6 4. Bg2 Bg7 5. Nge2 Nd4 6. d3 d6 7. O-O e6 8. Bd2
Ne7 9. Nf4 Rb8 10. Qc1 b5 11. Nce2 b4 12. Nxd4 cxd4 13. Ne2 O-O 14. Bh6 Qb6 15.
Bxg7 Kxg7 16. f4 Bb7 17. Qe1 Rbc8 18. Rc1 f5 19. Qf2 e5 20. Bh3 fxe4 21. dxe4
Bxe4 22. Bxc8 Nxc8 1/2-1/2

[Event "TCh-TUR Super League 2015"]
[Site "Kocaeli TUR"]
[Date "2015.08.15"]
[Round "13.7"]
[Board "7.6"]
[White "Caliskan, Kerem"]
[Black "Arat, Ufuk Sezen"]
[Result "0-1"]
[BlackTitle "FM"]
[WhiteElo "1758"]
[BlackElo "2409"]
[WhiteTeam "Calli Sports Club"]
[BlackTeam "Besiktas Jimnastik Kulubu"]
[WhiteFideId "6310699"]
[BlackFideId "6309089"]
[EventDate "2015.08.04"]

1. Nf3 g6 2. g3 Bg7 3. Bg2 f5 4. O-O Nf6 5. d4 O-O 6. c4 d6 7. Nc3 Qe8 8. Re1 h6
9. Qc2 Qf7 10. Nd5 Nxd5 11. cxd5 c6 12. dxc6 Nxc6 13. e3 Be6 14. b3 Rac8 15. Qd2
Bd5 16. Bb2 g5 17. Re2 a5 18. Ne1 Bxg2 19. Nxg2 Qd5 20. Bc3 Qb5 21. Ree1 e5 22.
d5 Nb4 23. a4 Qb6 24. Bxb4 axb4 25. Rac1 e4 26. Rxc8 Rxc8 27. Rc1 Rc3 28. Rxc3
bxc3 29. Qc2 Qc5 30. Ne1 Qxd5 31. Kf1 Kf7 32. Ke2 Ke6 33. Kf1 Qd2 34. Qb1 d5 35.
Nc2 f4 36. b4 fxe3 37. fxe3 Qxh2 38. Qb3 Qh3+ 39. Ke2 Qg2+ 40. Ke1 Be5 0-1

[Event "TCh-TUR Super League 2015"]
[Site "Kocaeli TUR"]
[Date "2015.08.15"]
[Round "13.7"]
[Board "7.7"]
[White "Gokerkan, Cem Kaan"]
[Black "Tasdogen, Dincer"]
[Result "1/2-1/2"]
[WhiteElo "2205"]
[BlackElo "1957"]
[WhiteTeam "Besiktas Jimnastik Kulubu"]
[BlackTeam "Calli Sports Club"]
[WhiteFideId "6336760"]
[BlackFideId "6367097"]
[EventDate "2015.08.04"]

1. e4 c5 2. Nf3 Nc6 3. Bb5 e6 4. O-O Nge7 5. b3 d6 6. Bb2 Ng6 7. d4 cxd4 8. Nxd4
Bd7 9. f4 Nxd4 10. Bxd7+ Qxd7 11. Bxd4 e5 12. f5 Ne7 13. Bb2 d5 14. exd5 Qxd5
15. Qxd5 Nxd5 16. Bxe5 Bc5+ 17. Kh1 Ne3 18. Rc1 f6 19. Bb2 Nxf5 20. Re1+ Kf7 21.
Nd2 h5 22. Ne4 Bb6 23. c4 Rad8 24. c5 Bc7 25. Rf1 Kg6 26. Rae1 h4 27. Kg1 Rd3
28. Rf2 Re8 29. b4 Rxe4 30. Rxe4 Rd1+ 31. Rf1 Bxh2+ 32. Kxh2 Rxf1 33. Bc3 Rh1+
34. Kxh1 Ng3+ 35. Kh2 Nxe4 36. Bd4 Kf5 37. b5 Ke6 38. c6 bxc6 39. bxc6 a6 40.
Kh3 g5 41. c7 Kd7 42. Kg4 Kxc7 43. Kf5 Nd6+ 44. Kxf6 g4 45. Kg5 h3 46. gxh3 gxh3
47. Be5 Kc6 48. Kg4 Nc4 49. Bf4 Kb5 50. Kxh3 Kb4 51. Bc1 a5 52. Kg3 a4 53. Kf3
Kc3 54. Ke2 Kc2 55. Bh6 Nd6 56. Bf8 Nb5 57. a3 1/2-1/2

[Event "TCh-TUR Super League 2015"]
[Site "Kocaeli TUR"]
[Date "2015.08.15"]
[Round "13.7"]
[Board "7.8"]
[White "Uzun, Belemir"]
[Black "Arda, Cagil Irmak"]
[Result "1-0"]
[BlackTitle "WCM"]
[WhiteElo "1682"]
[BlackElo "1915"]
[WhiteTeam "Calli Sports Club"]
[BlackTeam "Besiktas Jimnastik Kulubu"]
[WhiteFideId "6365655"]
[BlackFideId "6351700"]
[EventDate "2015.08.04"]

1. d4 Nf6 2. c4 e6 3. Nf3 b6 4. a3 Bb7 5. Nc3 c5 6. d5 exd5 7. cxd5 d6 8. Bf4
Be7 9. e4 O-O 10. Bd3 Re8 11. h3 Nbd7 12. O-O a6 13. a4 Nf8 14. Bh2 Ng6 15. Ra2
Nd7 16. Bb1 Qc7 17. Nd2 Bf6 18. Nc4 Nde5 19. Ne3 b5 20. axb5 axb5 21. Nxb5 Qb6
22. Na3 Ba6 23. Re1 Qb4 24. Nf5 Red8 25. Nc2 Qb6 26. Nce3 Nc4 27. Nxc4 Bxc4 28.
Rxa8 Rxa8 29. Nxd6 Bb3 30. Qd2 Rd8 31. Nf5 Ba4 32. e5 Be7 33. d6 Bf8 34. Ne3 Rb8
35. Nc4 Qb4 36. Qxb4 Rxb4 37. Bd3 Bb5 38. Rc1 Bxc4 39. Rxc4 Rxb2 40. Rxc5 Rd2
41. Bf1 f6 42. f4 Rd4 43. Rc4 Rd5 44. Re4 Rd1 45. Bg3 Kf7 46. e6+ Ke8 47. d7+
Kd8 48. Bf2 Rb1 49. Ra4 Be7 50. Rc4 Rb8 51. Bb6+ 1-0